00757nam a2200193 i 450000100060000000300090000600500170001500700030003200800410003510000350007624501430011126000360025430000280029070000310031870000400034985200340038999900170042395201230044059441ES-MaACL20230906164031.0t|031029s1983 sp ||||1| spa d1 aEisberg, Robert Martin.94685010aFísica b: fundamentos y aplicaciones / cRobert M. Eisberg, Lawrence S. Lerner ; traducción: Augusto Rodríguez Molano ... [et al.]. aMadrid : bMcGraw-Hill, c1983. a1 t. en 2 v. ; c25 cm.1 aLerner, Lawrence S.9717851 aRodríguez Molano, Augusto.998668 aES-MaACLjL-6878-9 bR.105859 c59441d59441 00104070aATENEOMbATENEOMcDEPO2d2008-01-17eSCl0oL-6878-9p1062346r2023-02-23 00:00:00w2023-02-23yMONOGRAFIA